Fundamentals of Machine Component Design (Record no. 595616)

000 -LEADER
fixed length control field 00443nam a22001577a 4500
020 ## - INTERNATIONAL STANDARD BOOK NUMBER
International Standard Book Number 997151401X
040 ## - CATALOGING SOURCE
Transcribing agency NUST
082 ## - DEWEY DECIMAL CLASSIFICATION NUMBER
Classification number 621.815 JUV
100 ## - MAIN ENTRY--PERSONAL NAME
Personal name Juvinail, Robert C
9 (RLIN) 114246
110 ## - MAIN ENTRY--CORPORATE NAME
Corporate name or jurisdiction name as entry element Marshek, Kurt M
9 (RLIN) 104286
245 ## - TITLE STATEMENT
Title Fundamentals of Machine Component Design
250 ## - EDITION STATEMENT
Edition statement 3th Edition
260 ## - PUBLICATION, DISTRIBUTION, ETC.
Place of publication, distribution, etc. New York:
Name of publisher, distributor, etc. John Wiley & Sons,
Date of publication, distribution, etc. 2002.
650 ## - SUBJECT ADDED ENTRY--TOPICAL TERM
Topical term or geographic name entry element Fundamentals of Machine Component Design
9 (RLIN) 114247
942 ## - ADDED ENTRY ELEMENTS (KOHA)
Source of classification or shelving scheme
Koha item type Book
Holdings
Withdrawn status Lost status Source of classification or shelving scheme Damaged status Not for loan Permanent Location Current Location Shelving location Date acquired Total Checkouts Total Renewals Full call number Barcode Checked out Date last seen Date last checked out Price effective from Koha item type
          College of Electrical & Mechanical Engineering (CEME) College of Electrical & Mechanical Engineering (CEME) General Stacks 08/22/2023 1 1 621.815 JUV CEME-40177 01/21/2026 11/18/2025 11/18/2025 08/22/2023 Book
© 2023 Central Library, National University of Sciences and Technology. All Rights Reserved.